000 00402cam a22001217a 4500
008 180718b1986 xxu||||| |||| 00| 0 eng d
082 _aA81x54 In2/81/30/PT7
100 _aCensus of India 1981
245 _aLakshadweep: tables on houses and disabled population
260 _aDelhi
_bController of Publications
_c1986
300 _a124p.
440 _aCensus of India 1981. Series-30, Lakshadweep. Part VII
999 _c482496
_d482496